|
|
|
|
| LEADER |
01734cas a2200241 a 4500 |
| 001 |
AALejournalIMF003202 |
| 008 |
230101c9999 xx r poo 0 0eng d |
| 020 |
|
|
|c 5.00 USD
|
| 020 |
|
|
|z 9781451859140
|
| 022 |
|
|
|a 1018-5941
|
| 040 |
|
|
|a BD-DhAAL
|c BD-DhAAL
|
| 100 |
1 |
|
|a Dal Corso, Marie.
|
| 245 |
1 |
3 |
|a An Institutional Framework for Comparing Emerging Market Currency Boards /
|c Marie Dal Corso.
|
| 264 |
|
1 |
|a Washington, D.C. :
|b International Monetary Fund,
|c 2004.
|
| 300 |
|
|
|a 1 online resource (42 pages)
|
| 490 |
1 |
|
|a IMF Working Papers
|
| 500 |
|
|
|a <strong>Off-Campus Access:</strong> No User ID or Password Required
|
| 500 |
|
|
|a <strong>On-Campus Access:</strong> No User ID or Password Required
|
| 506 |
|
|
|a Electronic access restricted to authorized BRAC University faculty, staff and students
|
| 520 |
3 |
|
|a This paper offers an in-depth review of the institutional arrangements underlying existing currency boards (CBAs) in Argentina (until 2001), Eastern Europe, and Asia. An index of precommitment is derived from an analysis of legislative frameworks and monetary policy operations. The index covers features associated with monetary and exchange rate credibility such as: (i) clarity of legal basis, (ii) quality of reserve coverage, (iii) coverage of monetary aggregates, (iv) claims on reserves, (v) operational autonomy, (vi) transparency and accountability, and (vii) escape clauses. The paper concludes with a discussion of flexibility and credibility trade-offs and exit issues.
|
| 538 |
|
|
|a Mode of access: Internet
|
| 830 |
|
0 |
|a IMF Working Papers; Working Paper ;
|v No. 2004/180
|
| 856 |
4 |
0 |
|z Full text available on IMF
|u http://elibrary.imf.org/view/journals/001/2004/180/001.2004.issue-180-en.xml
|z IMF e-Library
|